Documentos de Estudio. Realidad Centroaméricana. Declaraciones de los PDC. con relación a las FF.AA.

Guardado en:
書目詳細資料
格式: Texto
出版: s.l: INCEP
標簽: 添加標簽
沒有標簽, 成為第一個標記此記錄!

MARC

LEADER 00000 a a2200000 04500
001 25311
003
040
090 |a 150014  
245 |a Documentos de Estudio. Realidad Centroaméricana. Declaraciones de los PDC. con relación a las FF.AA.  
260 |a s.l:   |b INCEP  
999 |c 11693  |d 11693